| 000 | 00806 a2200181 4500 | ||
|---|---|---|---|
| 003 | Nust | ||
| 005 | 20170207152526.0 | ||
| 020 | _a8185461074 | ||
| 040 | _cNust | ||
| 082 | _a004.16 | ||
| 100 | _aRafiquzzaman, Mohammad | ||
| 245 |
_aMicroprocessors and microcomputer based system design _cMohamed Rafiquzzaman |
||
| 260 |
_aNew Delhi _bUniversal _c1990 |
||
| 300 | _a1075 | ||
| 505 | _aIntroduction To Microprocessors And Microcomputer Based Design (Page-1), Intel 8085 (Page-73), Intel 8086 (Page-167), Intel 80186/80286/80386 (Page-305), Motorola MC68000 (Page-399), Motorola MC68020 (Page-549), Mc68020- Advanced Topics (Page-665), Motorola MC68030 And MC88100 (Page-743), Peripheral Interfacing (Page-835), Design Problem (Page-911) | ||
| 538 | _aAlmirah No. 2 and Shelf No. 4 | ||
| 650 | _aMicrocomputer | ||
| 942 |
_2ddc _cBK |
||
| 999 |
_c176485 _d176485 |
||